000
00290nam a22001337a 4500
008
170307b xxu||||| |||| 00| 0 eng d
020
_a
0881676640
041
_a
eng
080
_a
61
100
_a
6
101
_a
SHM
245
_a
MRI OF THE WRIST AND HAND
_c
REICHER, M.A
942
_2
udc
_c
BK
999
_c
7017
_d
7017